AGRICULTURE SERVICES PROGRAMME FOR INNOVATION,RESILIENCE AND EXTENSION(ASPIRE), (Record no. 22033)
[ view plain ]
| 000 -LEADER | |
|---|---|
| fixed length control field | 00304nam a22001097a 4500 |
| 040 ## - CATALOGING SOURCE | |
| Transcribing agency | RUA |
| 082 ## - DEWEY DECIMAL CLASSIFICATION NUMBER | |
| Classification number | FPD SEP 2014 C332 Or. |
| 245 ## - TITLE STATEMENT | |
| Title | AGRICULTURE SERVICES PROGRAMME FOR INNOVATION,RESILIENCE AND EXTENSION(ASPIRE), |
| 260 ## - PUBLICATION, DISTRIBUTION, ETC. (IMPRINT) | |
| Place of publication | phnom penh |
| Name of publisher | rua |
| Year of publication | 2014 |
| 300 ## - PHYSICAL DESCRIPTION | |
| Number of Pages | xv.125p. |
| Other physical details | ill. |
| Dimensions | 29cm. |
| 942 ## - ADDED ENTRY ELEMENTS (KOHA) | |
| Koha item type | ឯកសារយោង |
| 952 ## - LOCATION AND ITEM INFORMATION (KOHA) | |
| Withdrawn status [LOCAL, KOHA] | 0 |
| Permanent Location | Date acquired | Koha item type | Lost status | Shelving location | Barcode | Current Location | Full call number |
|---|---|---|---|---|---|---|---|
| Library Block C | 2023-10-19 | ឯកសារយោង | C332 | a72994 | Library Block C | FPD SEP 2014 C332 Or. |